Quizzes
Events
Quiz Creation
Community
Videos
Private Events
Remove Ads
Sign In
Join for FREE
Feedback
Dark Mode
Quiz Categories
Sports
Geography
Music
Movies
Television
Just For Fun
Miscellaneous
History
Literature
Language
Science
Gaming
Entertainment
Religion
Holiday
For Kids
Quiz Lab
Recent
Popular Today
Quiz Kudos Today
Editor Picks
Curator Picks
Quizzes by...
Day
Popularity
Type
Ratings
Length
Year
Community
Subscriptions
Recent Discussions
Orange Saloon
Badges
Playlists
Quests
Create
Leaderboards
Showdown
Live 5
Trivia Bingo
Activity
Puzzle Library
Sporcle Events
Private Events
Virtual Trivia
Globe League
Become a Host
Pub Owners
SporcleCon
Opinionation
Our Games
Videos
Blog
Mobile Apps
Partnerships
Remove Ads and Go Orange
Feedback
Sports
Athletes
MLB
NBA
NHL
NFL
Soccer
Sports Teams
WWE
NCAA
Football
Premier League
Basketball
Baseball
Hockey
Golf
Tennis
Cricket
Rugby
Auto Racing
Olympics
World Cup
Sports
Athletes
MLB
NBA
NHL
NFL
Soccer
Sports Teams
WWE
NCAA
Football
Premier League
Basketball
Baseball
Hockey
Golf
Tennis
Cricket
Rugby
Auto Racing
Olympics
World Cup
Random Quiz
Search Sporcle
×
Quiz Lab
Quiz Lab
Sports
MLB
Type in answers that appear in a list
Type in answers that appear in a list
Classic
Best Score? Go Orange.
MLB 2012 Opening Day Lineups Stats
Can you name the MLB 2012 Opening Day Lineups?
By
Jenas_Christ
20m
284 Questions
198 Plays
198 Plays
198 Plays
Comments
Comments
Give Quiz Kudos
Give Quiz Kudos
-
- Ratings
hide this ad
Replay
Link that replays current quiz
Next Quiz
Link to next quiz in quiz playlist
You Got
0%
They Got
Avg Score
63%
Avg Friend Score
Upgrade to see
Score Distribution
Jump to the score distribution portion of the page
Score
0/284
Timer
20:00
0
Plays Today
Team
Player Name
% Correct
New York Yankees
Derek Jeter
97%
New York Yankees
Alex Rodriguez
94.9%
Tampa Bay Rays
Sean Rodriguez
94.4%
New York Yankees
Robinson Cano
93.4%
Tampa Bay Rays
Evan Longoria
93.4%
Boston Red Sox
David Ortiz
93.4%
Houston Astros
Wandy Rodriguez
93.4%
New York Yankees
CC Sabathia
92.9%
New York Yankees
Russell Martin
92.4%
New York Yankees
Mark Teixeira
92.4%
Boston Red Sox
Dustin Pedroia
92.4%
Detroit Tigers
Miguel Cabrera
92.4%
Cleveland Indians
Asdrubal Cabrera
92.4%
Baltimore Orioles
Adam Jones
91.9%
San Francisco Giants
Melky Cabrera
91.9%
Milwaukee Brewers
Alex Gonzalez
91.4%
New York Yankees
Curtis Granderson
90.9%
Boston Red Sox
Adrian Gonzalez
90.9%
Houston Astros
Marlin Gonzalez
90.9%
Colorado Rockies
Carlos Gonzalez
90.9%
Pittsburgh Pirates
Garrett Jones
90.4%
Toronto Blue Jays
Jose Bautista
89.4%
Boston Red Sox
Jacoby Ellsbury
88.9%
Chicago White Sox
Alexei Ramirez
88.9%
San Francisco Giants
Brandon Belt
88.9%
Minnesota Twins
Joe Mauer
88.4%
Texas Rangers
Josh Hamilton
88.4%
Florida Marlins
Hanley Ramirez
88.4%
Milwaukee Brewers
Aramis Ramirez
88.4%
Baltimore Orioles
Chris Davis
87.4%
Detroit Tigers
Prince Fielder
87.4%
New York Yankees
Brett Gardner
86.9%
New York Mets
Ike Davis
86.9%
Tampa Bay Rays
Elliot Johnson
86.4%
Toronto Blue Jays
Kelly Johnson
86.4%
Houston Astros
Chris Johnson
86.4%
Florida Marlins
Josh Johnson
86.4%
New York Yankees
Nick Swisher
85.9%
Chicago White Sox
Paul Konerko
85.9%
Detroit Tigers
Austin Jackson
85.4%
Texas Rangers
Ian Kinsler
85.4%
Texas Rangers
Adrian Beltre
85.4%
Florida Marlins
Jose Reyes
85.4%
Arizona Diamondbacks
Justin Upton
85.4%
Detroit Tigers
Delmon Young
84.8%
Cleveland Indians
Carlos Santana
84.8%
Texas Rangers
Elvis Andrus
84.8%
Tampa Bay Rays
Jose Molina
84.3%
Texas Rangers
Michael Young
84.3%
New York Mets
Johan Santana
84.3%
Cincinnati Reds
Joey Votto
84.3%
Arizona Diamondbacks
Chris Young
84.3%
Kansas City Royals
Alex Gordon
83.8%
Los Angeles Angels
Albert Pujols
83.8%
Los Angeles Dodgers
Dee Gordon
83.8%
Tampa Bay Rays
Carlos Peña
83.3%
Detroit Tigers
Justin Verlander
83.3%
Kansas City Royals
Brayan Peña
83.3%
Minnesota Twins
Justin Morneau
83.3%
Philadelphia Phillies
Jimmy Rollins
83.3%
New York Mets
David Wright
83.3%
St Louis Cardinals
Yadier Molina
83.3%
Tampa Bay Rays
James Shields
82.8%
Boston Red Sox
Kevin Youkilis
82.3%
Baltimore Orioles
Matt Wieters
81.8%
Houston Astros
Carlos Lee
81.8%
Los Angeles Dodgers
Matt Kemp
81.8%
Milwaukee Brewers
Ryan Braun
81.3%
Toronto Blue Jays
Yunel Escobar
80.8%
Texas Rangers
Nelson Cruz
80.8%
Seattle Mariners
Ichiro Suzuki
80.8%
Baltimore Orioles
JJ Hardy
80.3%
Kansas City Royals
Eric Hosmer
80.3%
Kansas City Royals
Alcides Escobar
80.3%
Los Angeles Angels
Torii Hunter
80.3%
Washington Nationals
Ryan Zimmerman
80.3%
Boston Red Sox
Jon Lester
79.8%
Oakland Athletics
Jemile Weeks
79.8%
Milwaukee Brewers
Rickie Weeks
79.8%
Cincinnati Reds
Brandon Phillips
79.8%
Baltimore Orioles
Nick Markakis
78.8%
Atlanta Braves
Brian McCann
78.8%
San Francisco Giants
Buster Posey
78.8%
Tampa Bay Rays
Ben Zobrist
78.3%
San Francisco Giants
Pablo Sandoval
78.3%
Seattle Mariners
Felix Hernandez
77.8%
Pittsburgh Pirates
Andrew McCutchen
77.8%
Colorado Rockies
Ramon Hernandez
77.8%
San Francisco Giants
Brandon Crawford
77.3%
Philadelphia Phillies
Roy Halladay
76.8%
Los Angeles Dodgers
Andre Ethier
76.8%
Colorado Rockies
Troy Tulowitzki
76.8%
St Louis Cardinals
Carlos Beltran
76.3%
Texas Rangers
Mike Napoli
75.8%
Philadelphia Phillies
Shane Victorino
75.8%
Team
Player Name
% Correct
Florida Marlins
Giancarlo Stanton
75.8%
Toronto Blue Jays
Edwin Encarnacion
75.3%
Detroit Tigers
Jhonny Peralta
75.3%
Philadelphia Phillies
Placido Polanco
75.3%
Kansas City Royals
Billy Butler
74.7%
Los Angeles Angels
Howie Kendrick
74.7%
Oakland Athletics
Kurt Suzuki
74.7%
St Louis Cardinals
Matt Holliday
74.7%
Chicago Cubs
Alfonso Soriano
74.7%
Los Angeles Angels
Erick Aybar
74.2%
Houston Astros
Jason Castro
74.2%
Philadelphia Phillies
Carlos Ruiz
74.2%
Atlanta Braves
Jason Heyward
74.2%
Cincinnati Reds
Jay Bruce
74.2%
Chicago Cubs
Starlin Castro
74.2%
Chicago White Sox
Adam Dunn
73.7%
Houston Astros
JD Martinez
73.7%
Philadelphia Phillies
Hunter Pence
73.7%
Toronto Blue Jays
Adam Lind
72.7%
Minnesota Twins
Denard Span
72.7%
Washington Nationals
Jason Werth
72.7%
Los Angeles Dodgers
Clayton Kershaw
72.7%
Cleveland Indians
Travis Hafner
72.2%
Texas Rangers
David Murphy
72.2%
Atlanta Braves
Dan Uggla
72.2%
New York Mets
Daniel Murphy
72.2%
Detroit Tigers
Alex Avila
71.7%
Chicago White Sox
AJ Pierzynski
71.7%
Atlanta Braves
Freddie Freeman
71.7%
Florida Marlins
Gaby Sanchez
71.7%
St Louis Cardinals
David Freese
71.7%
Boston Red Sox
Jarrod Saltalamacchia
71.2%
Kansas City Royals
Mike Moustakas
71.2%
Los Angeles Angels
Vernon Wells
71.2%
New York Yankees
Raul Ibañez
70.7%
Chicago White Sox
Alex Rios
70.7%
Los Angeles Angels
Jered Weaver
70.7%
Atlanta Braves
Michael Bourn
70.7%
Seattle Mariners
Jesus Montero
70.2%
Arizona Diamondbacks
Miguel Montero
70.2%
San Francisco Giants
Tim Lincecum
70.2%
Los Angeles Dodgers
James Loney
70.2%
Tampa Bay Rays
Desmond Jennings
69.7%
Arizona Diamondbacks
Ryan Roberts
69.7%
Colorado Rockies
Todd Helton
69.7%
Cincinnati Reds
Scott Rolen
69.2%
Los Angeles Angels
Kendrys Morales
68.7%
Seattle Mariners
Mike Carp
68.7%
St Louis Cardinals
Lance Berkman
68.7%
Arizona Diamondbacks
Aaron Hill
68.7%
Cleveland Indians
Shin-Soo Choo
67.2%
Seattle Mariners
Justin Smoak
66.7%
St Louis Cardinals
Rafael Furcal
66.7%
San Diego Padres
Chase Headley
66.2%
Washington Nationals
Ian Desmond
65.7%
Toronto Blue Jays
Brett Lawrie
65.2%
Milwaukee Brewers
Carlos Gomez
65.2%
Washington Nationals
Adam LaRoche
64.6%
Chicago White Sox
Brent Morel
64.1%
Milwaukee Brewers
Yovani Gallardo
63.6%
San Francisco Giants
Angel Pagan
63.6%
Baltimore Orioles
Mark Reynolds
63.1%
Oakland Athletics
Yoenis Cespedes
63.1%
Pittsburgh Pirates
Neil Walker
63.1%
Los Angeles Angels
Mark Trumbo
62.6%
Milwaukee Brewers
Corey Hart
62.6%
Los Angeles Dodgers
Mark Ellis
61.6%
Atlanta Braves
Martin Prado
61.1%
Los Angeles Dodgers
AJ Ellis
61.1%
Cleveland Indians
Michael Brantley
60.6%
New York Mets
Jason Bay
60.6%
Kansas City Royals
Lorenzo Cain
60.1%
Florida Marlins
Omar Infante
60.1%
Colorado Rockies
Michael Cuddyer
60.1%
Cincinnati Reds
Johnny Cueto
58.6%
Chicago White Sox
Gordon Beckham
58.1%
Seattle Mariners
Chone Figgins
58.1%
Washington Nationals
Wilson Ramos
58.1%
New York Mets
Ruben Tejada
58.1%
Cincinnati Reds
Zack Cozart
58.1%
Chicago Cubs
Geovany Soto
58.1%
Arizona Diamondbacks
Paul Goldschmidt
57.6%
Boston Red Sox
Cody Ross
56.6%
Toronto Blue Jays
JP Arencibia
56.6%
Minnesota Twins
Josh Willingham
56.6%
Chicago Cubs
Marlon Byrd
56.6%
San Diego Padres
Orlando Hudson
56.6%
Cleveland Indians
Jason Kipnis
56.1%
Oakland Athletics
Coco Crisp
56.1%
Florida Marlins
John Buck
56.1%
Milwaukee Brewers
Jonathan Lucroy
56.1%
Arizona Diamondbacks
Ian Kennedy
56.1%
Washington Nationals
Danny Espinosa
55.6%
Oakland Athletics
Seth Smith
55.1%
Houston Astros
Jose Altuve
55.1%
Team
Player Name
% Correct
New York Mets
Andres Torres
55.1%
St Louis Cardinals
Jon Jay
54.5%
Texas Rangers
Colby Lewis
53.5%
Washington Nationals
Stephen Strasburg
53.5%
San Diego Padres
Cameron Maybin
53.5%
Tampa Bay Rays
Matt Joyce
53%
Florida Marlins
Logan Morrison
53%
Baltimore Orioles
Nolan Reimold
52.5%
Colorado Rockies
Marco Scutaro
51.5%
Colorado Rockies
Dexter Fowler
51.5%
Kansas City Royals
Jeff Francoeur
51%
Los Angeles Angels
Chris Iannetta
51%
St Louis Cardinals
Kyle Lohse
51%
Arizona Diamondbacks
Jason Kubel
51%
Chicago White Sox
Alejandro De Aza
50.5%
Cincinnati Reds
Ryan Ludwick
50.5%
Los Angeles Dodgers
Juan Uribe
50%
San Diego Padres
Nick Hundley
50%
Detroit Tigers
Brennan Boesch
49.5%
Seattle Mariners
Dustin Ackley
49.5%
Toronto Blue Jays
Ricky Romero
49%
Oakland Athletics
Josh Reddick
49%
Pittsburgh Pirates
Pedro Alvarez
49%
Toronto Blue Jays
Colby Rasmus
48%
Texas Rangers
Yorvit Torrealba
47.5%
New York Mets
Lucas Duda
47.5%
Cleveland Indians
Justin Masterson
46.5%
New York Mets
Josh Thole
46.5%
Cincinnati Reds
Drew Stubbs
46%
Atlanta Braves
Tommy Hanson
45.5%
Chicago Cubs
Darwin Barney
45.5%
Baltimore Orioles
Jake Arrieta
44.4%
San Diego Padres
Jason Bartlett
44.4%
Minnesota Twins
Ryan Doumit
43.9%
Chicago White Sox
John Danks
43.4%
San Francisco Giants
Aubrey Huff
43.4%
Florida Marlins
Emilio Bonifacio
42.9%
Boston Red Sox
Mike Aviles
41.9%
Chicago Cubs
Ian Stewart
41.9%
Los Angeles Angels
Peter Bourjos
41.4%
Oakland Athletics
Cliff Pennington
40.9%
Philadelphia Phillies
Ty Wigginton
40.9%
Chicago Cubs
Ryan Dempster
40.9%
Kansas City Royals
Bruce Chen
40.4%
San Francisco Giants
Ryan Theriot
39.4%
Kansas City Royals
Yuniesky Betancourt
38.9%
St Louis Cardinals
Daniel Descalso
38.4%
Cincinnati Reds
Ryan Hanigan
38.4%
Detroit Tigers
Ryan Raburn
37.9%
Detroit Tigers
Ramon Santiago
36.9%
Minnesota Twins
Carl Pavano
36.9%
Chicago Cubs
David DeJesus
36.9%
San Diego Padres
Yonder Alonso
36.9%
Colorado Rockies
Jeremy Guthrie
36.4%
Toronto Blue Jays
Eric Thames
35.9%
Seattle Mariners
Michael Saunders
35.4%
Pittsburgh Pirates
Rod Barajas
35.4%
Los Angeles Dodgers
Juan Rivera
34.8%
Boston Red Sox
Ryan Sweeney
34.3%
Seattle Mariners
Brendan Ryan
34.3%
San Diego Padres
Edinson Volquez
34.3%
Minnesota Twins
Danny Valencia
33.8%
Seattle Mariners
Miguel Olivo
33.8%
Philadelphia Phillies
Freddy Galvis
33.8%
Cleveland Indians
Casey Kotchman
33.3%
Philadelphia Phillies
John Mayberry
32.8%
Baltimore Orioles
Robert Andino
32.3%
Tampa Bay Rays
Jeff Keppinger
31.8%
Washington Nationals
Mark DeRosa
31.8%
Pittsburgh Pirates
Jose Tabata
31.8%
Pittsburgh Pirates
Clint Barmes
31.3%
Milwaukee Brewers
Mat Gamel
30.8%
Atlanta Braves
Matt Diaz
30.3%
Pittsburgh Pirates
Erik Bedard
30.3%
Chicago White Sox
Dayan Viciedo
28.8%
Cleveland Indians
Jack Hannahan
27.3%
Minnesota Twins
Jamey Carroll
26.8%
Minnesota Twins
Alexi Casilla
26.8%
Arizona Diamondbacks
Willie Bloomquist
26.8%
San Diego Padres
Jesus Guzman
26.8%
Oakland Athletics
Brandon McCarthy
26.3%
Chicago Cubs
Jeff Baker
25.8%
Houston Astros
Jordan Schafer
25.3%
Baltimore Orioles
Wilson Betemit
24.7%
Atlanta Braves
Tyler Pastornicky
24.7%
Washington Nationals
Roger Bernadina
24.7%
Cleveland Indians
Shelley Duncan
24.2%
Oakland Athletics
Eric Sogard
24.2%
Oakland Athletics
Brandon Allen
22.2%
Minnesota Twins
Chris Parmelee
19.7%
Houston Astros
Brian Bogusevic
19.7%
San Diego Padres
Chris Denorfia
17.7%
Colorado Rockies
Chris Nelson
16.2%
Pittsburgh Pirates
Alex Presley
15.2%
Quiz Playlist
Details
Report
Send in Message
Add To Playlist
Classic:
Type in answers that appear in a list
Quiz Source
Last Updated: Feb 16, 2017
Quiz Scoreboard
CHALLENGE
Sign Up to Join the Scoreboard
Show All
Scores
Hide
Comments
May contain spoilers
Recently Published
Presidents Visiting Landmarks
by Hejman
History
7m
An Introduction to Baseball
by treessimontrees
Sports
5m
Movies - When Are They Set?
by FPL_Elf
Movies
5m
More to Explore
Quiz From the Vault
Featured Blog Post
Where Did the Easter Bunny Come From?
hide this ad
You Might Also Like...
Tags
Baseball Quiz
MLB Quiz
2012
lineup
Opening Day Lineups
Today's Top Quizzes in Sports
Browse Sports
hide this ad
Today's Top Quizzes in MLB
Browse MLB
Top Contributed Quizzes in Sports
1
Les meilleurs buteurs des matchs entre le PSG et l’OM
2
2022 World Cup Stars
3
FIFA Club World Cup Champions
4
Les entraîneurs de l'OM et du PSG au 21e siècle
5
Name the Premier League winners with different clubs
6
5-to-1: UK Sports Teams
7
La finale Lions - Afrique du Sud 2021
8
Criteria MLB: Left Handed Sluggers
9
AFC Teams Reveal (Wrong Answers Minefield)
10
England Test cricketers to play under Nasser Hussain
Explore More
Trending Topics
Crossword
NBA
Marvel
Disney
Harry Potter
Anime
Kpop
NFL
Country
The Office
Pokémon
Song
Soccer
Puzzle
WWE
hide this ad
More By:
Jenas_Christ
Quiz
Plays
Rating
Category
Featured
Created
England opening batsmen since Andrew Strauss
1,940
5.00
Sports
Jul 24, 2017
Test Cricket Leaders by Decade
1,662
5.00
Sports
Aug 2, 2017
Premier League Top Scorers by Nationality
369
3.75
Sports
Dec 3, 2013
Each County's Top Championship Run Scorer by Year
262
5.00
Sports
Aug 30, 2022
Names of Somerset Players 2014-2018
220
5.00
Sports
Mar 26, 2019
Go to Creator's Profile
Score Distribution
Quiz Creator Spotlight
Jenas_Christ
Follow
Send a Message
Quizzes Created
-
Created Quiz Play Count
-
More By This Creator
Popular Quizzes Today
1
Find the US States - No Outlines Minefield
2
Find the Countries of Europe - No Outlines Minefield
3
The Countries of the World
4
Find the US States
5
Popular People in 1961
6
US States
7
Risky Map Clicking: Biggest States A-Z
8
Movies - When Are They Set?
More Sports Quizzes
MLB Most HRs per 162 Games
Editor's Pick
Trending Quizzes
Risky Map Clicking: Least Populous States A-Z
1-10 Letter G Words
1-10 Letter F Words
Risky Map Clicking: Next State Alphabetically
Risky Map Clicking: Biggest States A-Z
Recently Updated
Leaping Animals
pecheneg
Reality TV Shows (A-Z)
bhenderson79
Rickey Henderson's Hall of Fame Teammates
pecheneg
Champions League XIs: Arsenal
pecheneg
Quick Pick: Celebrities in WWE's Hall of Fame
aduchscher
A-Z Keypad Blitz II
pecheneg
Multiple Oscar Actors
pecheneg
Mystery Phrase Blitz: Oscar 'Best Actors'
pecheneg
F. Scott Fitzgerald Novels
LTH
Pick 3 Villains
ddd62291
Trending Topics
Harry Potter
Kpop
Crossword
NBA
Marvel
Anime
Disney
Puzzle
NFL
Soccer
Pokémon
Song
Country
The Office
WWE
Your Account Isn't Verified!
In order to create a playlist on Sporcle, you need to verify the email address you used during registration. Go to your
Sporcle Settings
to finish the process.
Report this User
Report this user for behavior that violates our
Community Guidelines
.
Details:
Send Report
Go to the Sporcle.com Mobile Site →
Comments